| 000 | 01436nam a2200409 i 4500 | ||
|---|---|---|---|
| 001 | 196260 | ||
| 003 | ES-MaACL | ||
| 005 | 20250728042045.0 | ||
| 008 | 240823s1995 sp | ||| ||spa | ||
| 016 | 7 |
_abimoBNE19950367118 _2SpMaBN |
|
| 017 |
_aB 39451-1995 _bOficina Depósito Legal Barcelona |
||
| 020 | _a8432916048 | ||
| 035 | _a(OCoLC)45726239 | ||
| 035 | _a(SpMaBN)bimo0000461755 | ||
| 035 | _a991022817459708606 | ||
| 040 |
_aSpMaBN _bspa _cSpMaBN _erdc |
||
| 080 | _a77.023.4(035) | ||
| 100 | 0 |
_aHedgecoe, John _962298 _eaut |
|
| 240 | 1 | 4 |
_aThe Workbook of Darkroom Techniques _lEspañol |
| 245 | 1 | 0 |
_aTécnicas de laboratorio / _cJohn Hedgecoe. |
| 250 | _a4ª edición: octubre, 1995 | ||
| 260 |
_aBarcelona : _bCeac, _cD.L. 1995. |
||
| 300 |
_a191 p. : _bil. col. ; _c22 cm. |
||
| 336 |
_2rdacontent _atexto |
||
| 337 |
_2rdamedia _asin mediación |
||
| 338 |
_2rdacarrier _avolumen |
||
| 490 | 1 | _aManuales de fotografía | |
| 490 | 1 | _aCúpula/imagen | |
| 594 | _aTraducción de: The Workbook of Darkroom Techniques | ||
| 650 | 7 |
_aFotografía- _xRevelado _2 _9153676 |
|
| 852 |
_aES-MaACL _bR.153619 _cDEPOJ _jN-9314 _hDonación: Editorial _xEncuadernación rústica con solapas _9205385 |
||
| 942 |
_cMONOGRAFIA _n0 |
||
| 999 |
_c196260 _d196260 |
||